000 01312cam a2200337 a 4500
001 2034127
003 NUST-PNEC
005 20170116180705.0
008 921228s1993 enka b 001 0 eng
010 _a 92047239
020 _a075060932X
040 _aDLC
_cPNEC
050 0 0 _aTK7881.7
_b.N476 1993
082 0 0 _a621.3893 SIN
_220
100 _9322
_aSinclair, Ian R.
245 0 0 _aNewnes audio and Hi-Fi handbook /
_ceditor, Ian R. Sinclair.
250 _a2nd ed.
260 _aOxford :
_bButterworth-Heinemann,
_c1993.
300 _axvii, 820 p. :
_bill. ;
_c24 cm.
500 _aIncludes Index http://www.amazon.com/Newnes-Audio-Hi-Fi-Handbook-Sinclair/dp/075060932X/ref=sr_1_1?s=books&ie=UTF8&qid=1411194349&sr=1-1&keywords=075060932x
500 _aCover title: Newnes audio & Hi-Fi handbook.
504 _aIncludes bibliographical references and index.
650 0 _aHigh-fidelity sound systems.
_xEL, EE
700 1 _aSinclair, Ian Robertson.
730 0 _aAudio electronics reference book.
740 0 _aAudio and Hi-Fi handbook.
740 0 _aNewnes audio & Hi-Fi handbook.
906 _a7
_bcbc
_corignew
_d1
_eocip
_f19
_gy-gencatlg
942 _2ddc
_cBK
999 _c60694
_d60694